00555nam a2200157Ia 4500008004100000020001800041050002100059110000900080245003700089250000600126260004600132300004200178500009300220650003600313650004800349120626s9999 xx 000 0 und d a9786074064384 aAV K4285.A4 2013 aISEF aAgenda de la comunicación 2013 a5 aMéxicob: Ediciones fiscales ISEFc2013 a1 v. (varias paginaciones) c; 18 cm. a"Compendio de leyes, reglamentos y otras disposiones conexas sobre la materia"--Cubierta a1. Comunicación - México.  a 2. Comunicacion - legislación y derecho